Brainrot italien par image #2 - Statistiques

Statistiques générales
  • Ce quiz a été pris 239 fois
  • Le résultat moyen est 8 sur 30
Statistiques - réponses
Par images Réponse % Correct
67
74%
Job Job Job Sahur
65%
Te Te Te Sahur
55%
Los Tralaleritos
54%
Cocofanto Elefanto
46%
Pipi Kiwi
44%
Strawberry Elephant
44%
Noobini Pizzanini
43%
La Esok Sekolah
33%
Ti TI Ti Sahur
33%
Ballerino Lololo
32%
Dul Dul Dul
29%
Karkerkar Kurkur
26%
Pakrahmatmamat
24%
Espressona Signora
18%
Nuclearo Dinossauro
18%
Trenostruzzo Turbo 3000
18%
Gorillo Watermellondrillo
17%
Chicleteira Bicicleteira
16%
Bambini Crostini
14%
Brr Es Teh Patipum
13%
Agarrini la Palini
12%
Rhino Toasterino
12%
Bulbito Bandito Traktorito
7%
Cannelloni Dragoni
5%
Graipussi Medussi
5%
Špijuniro Golubiro
5%
Ecco Cavallo Virtuoso
3%
Piccione Macchina
1%
Tigroligre Frutoni
1%
Aucun quiz correspondant
Distribution des résultats
% des personnes avec chaque résultat
Percentile par nombre de réponses
Votre historique - résultats
Vous n’avez pas pris ce quiz